Faculty of Law Library — Cairo University

Official Online Catalog

نظام الضمانات الدولية للاستخدامات السليمة للطاقة النووية / (Record no. 69692)

MARC details
000 -LEADER
fixed length control field 01190nam a2200325 i 4500
003 - CONTROL NUMBER IDENTIFIER
control field EG-GICUC
005 - DATE AND TIME OF LATEST TRANSACTION
control field 20260408122649.0
008 - FIXED-LENGTH DATA ELEMENTS--GENERAL INFORMATION
fixed length control field 260408s1980 ua a|||fr|||| 00| 0 ara d
017 ## - COPYRIGHT OR LEGAL DEPOSIT NUMBER
Copyright or legal deposit number 1980/3742
020 ## - INTERNATIONAL STANDARD BOOK NUMBER
International Standard Book Number 9772564122
040 ## - CATALOGING SOURCE
Original cataloging agency EG-GICUC
Language of cataloging ara
Transcribing agency EG-GICUC
Modifying agency EG-GICUC
Description conventions rda
041 ## - LANGUAGE CODE
Language code of text/sound track or separate title ara
082 04 - DEWEY DECIMAL CLASSIFICATION NUMBER
Edition number 21
Classification number 341.762
Item number م ح . ن
092 04 - LOCALLY ASSIGNED DEWEY CALL NUMBER (OCLC)
Edition number 21
099 ## - LOCAL FREE-TEXT CALL NUMBER (OCLC)
Classification number Law1 11 341.762 م ح . ن 1980
100 0# - MAIN ENTRY--PERSONAL NAME
Personal name محمود ماهر محمد ماهر
Relator term مؤلف.
245 1# - TITLE STATEMENT
Title نظام الضمانات الدولية للاستخدامات السليمة للطاقة النووية /
Statement of responsibility, etc. محمود ماهر محمد ماهر.
264 ## - PRODUCTION, PUBLICATION, DISTRIBUTION, MANUFACTURE, AND COPYRIGHT NOTICE
Place of production, publication, distribution, manufacture القاهرة:
Name of producer, publisher, distributor, manufacturer دار النهضة المصرية,
Date of production, publication, distribution, manufacture, or copyright notice 1980.
300 ## - PHYSICAL DESCRIPTION
Extent 542 صفحة ؛
Dimensions 24 سم
Other physical details إيضاحيات، صور، مثيليات ؛
336 ## - CONTENT TYPE
Source rda content
Content type term text
337 ## - MEDIA TYPE
Source rda media
Media type term Computer
338 ## - CARRIER TYPE
Source rda carrier
Carrier type term Online Resource
546 ## - LANGUAGE NOTE
Language note النص باللغة العربية
650 1# - SUBJECT ADDED ENTRY--TOPICAL TERM
Topical term or geographic name entry element دولي عام
Source of heading or term qrmak
650 1# - SUBJECT ADDED ENTRY--TOPICAL TERM
Topical term or geographic name entry element الطاقة النووية
Source of heading or term qrmak
651 1# - SUBJECT ADDED ENTRY--GEOGRAPHIC NAME
Source of heading or term qrmak
856 40 - ELECTRONIC LOCATION AND ACCESS
Uniform Resource Identifier <a href="https://fll.law.cu.edu.eg/fulltext/bks/B11-09874.pdf">https://fll.law.cu.edu.eg/fulltext/bks/B11-09874.pdf</a>
905 ## - Cataloger and Reviser Names
Cataloger Name: Esraa Hossam
942 ## - ADDED ENTRY ELEMENTS (KOHA)
Source of classification or shelving scheme Dewey Decimal Classification
Koha item type Books
Edition 21
Suppress in OPAC No
Holdings
Withdrawn status Lost status Source of classification or shelving scheme Damaged status Not for loan Collection Home library Current library Date acquired Source of acquisition Total checkouts Full call number Barcode Date last seen Copy number Price effective from Koha item type
    Dewey Decimal Classification   Not for loan القانون الدولي العام جــــامعة القــاهرة مكتبة كلية الحقوق - المبنى الرئيسي 08.04.2026 إهداء مكتبة الأستاذ الدكتور صلاح عامر   Law1 11 341.762 م ح . ن 1980 1109874 C1 B11-09874 08.04.2026 1 08.04.2026 Books

© All rights reserved — Faculty of Law, Cairo University